Score 0/20 Timer 03:00
1 Play Today
% Correct
Penny
94.8%
Olive
94.3%
Dawn
93.7%
Carol
93.5%
Violet
93.2%
Piper
92.9%
Brook
92%
Ginger
91.3%
May
90.8%
Amber
90.1%
% Correct
Ivy
90%
Sherry
89.6%
Rose
89.5%
Willow
89.2%
Eve
88.3%
Jean
87.6%
Lily
86.1%
Holly
85.8%
Sally
72.7%
Sandy
64.6%
Remove Ads.
Support Sporcle.
Get the best of Sporcle when you Go Orange. This ad-free experience offers more features, more stats, and more fun while also helping to support Sporcle. Thank you for becoming a member.

You're not logged in!

Compare scores with friends on all Sporcle quizzes.
OR
Log In

Sporcle TV

Today on Sporcle TV


Watch our educational content, quiz creation guides, and fun videos on Sporcle TV.

Show Comments

Extras

Top Quizzes Today


Score Distribution

Paid Content

Your Account Isn't Verified!

In order to create a playlist on Sporcle, you need to verify the email address you used during registration. Go to your Sporcle Settings to finish the process.

Report this User

Report this user for behavior that violates our Community Guidelines.

Details: